Procesos aleatorios : curso resumido /
Guardado en:
| Autor Principal: | |
|---|---|
| Formato: | Libro |
| Idioma: | Spanish Russian |
| Publicado: |
Moscú :
Mir,
c1973.
|
| Etiquetas: |
Agregar Etiqueta
Sin Etiquetas, Sea el primero en etiquetar este registro!
|
| LEADER | 00497nam a22001575a 4500 | ||
|---|---|---|---|
| 001 | MAT.inmabb006679 | ||
| 008 | 120824s1973####ru#a##########001#0#spa#d | ||
| 005 | 20180206100758.0 | ||
| 245 | 1 | 0 | |a Procesos aleatorios : |b curso resumido / |c Yu. A. Rozanov. |
| 260 | |a Moscú : |b Mir, |c c1973. | ||
| 300 | |a 285 p. : |b il. ; |c 23 cm. | ||
| 500 | |a Traducción del ruso. | ||
| 100 | 1 | |a Rozanov, IU. A. |q (IUrii Anatol´evich), |d 1934- | |
| 084 | |a 60-01 |2 msc2000 | ||
| 041 | 1 | |a spa |h rus | |
| 859 | |h 60 |i R893p |p A-5271 |b BIB. MATEMATICA | ||
